000 00390nam a2200145Ia 4500
008 220217s9999||||xx |||||||||||||| ||und||
020 _a0-07-049543-2
082 _a005.13 SCH
100 _aSchildt, Herbert
245 0 _aJava 2: the complete reference
250 _a5th
260 _aTata mcgraw hill
_bNew Delhi
_c2002 XXVIII
300 _b395
650 _aPROGRAMMING LANGUAGE
999 _c172468
_d172468